000 00706nam a2200253Ia 4500
003 OSt
005 20220927105309.0
006 a|||||r|||| 00| 0
007 ta
008 220926b |||||||| |||| 00| 0 eng d
020 _a0253213754
024 _a160269
037 _cReference Collections
040 _aRTL
_cRTL
_beng
041 _2eng
_aeng
082 _a"Y15:3(M37).N9, P0"
100 _aBrano Pag Zeglin Ed.
_9371479
245 0 _aBeauty matters
260 _aBloomington
_bIndiana University Press
_c2000
300 _a"xiii, 329p"
_ccm.
650 _aSociology
942 _h"Y15:3(M37).N9, P0"
_cCC
999 _c691656
_d691656